[Event "MTO"]
[Site "?"]
[Date "2021.??.??"]
[Round "2.127"]
[White "Schmid Christoph"]
[Black "Fecker Noah"]
[Result "1/2-1/2"]
[WhiteElo "2091"]
[BlackElo "2309"]
[PlyCount "64"]
[EventDate "2021.??.??"]
[WhiteTeam "Schweiz"]
[BlackTeam "Schweiz"]
[WhiteTeamCountry "SUI"]
[BlackTeamCountry "SUI"]

1. d4 Nf6 2. c4 c5 3. d5 b5 4. cxb5 a6 5. bxa6 g6 6. Nc3 Bg7 7. e4 O-O 8. Bc4
Qa5 9. a7 Rxa7 10. Bd2 Ba6 11. b3 Qb6 12. Nf3 d6 13. O-O Nbd7 14. Qc2 Ng4 15.
Rab1 Nge5 16. Nxe5 Nxe5 17. Bxa6 Qxa6 18. a4 Rc8 19. Nb5 Raa8 20. f4 Nd7 21.
Bc3 Bxc3 22. Qxc3 Qb6 23. Qe3 c4 24. Qxb6 Nxb6 25. Rfc1 cxb3 26. Rxc8+ Rxc8 27.
a5 Nc4 28. Rxb3 Nxa5 29. Rc3 Rxc3 30. Nxc3 Kg7 31. Kf2 Nc4 32. Ke2 Kf6 1/2-1/2

[Event "MTO"]
[Site "?"]
[Date "2021.??.??"]
[Round "2.128"]
[White "Stelmaszyk Nico"]
[Black "Giacomini Hector"]
[Result "1-0"]
[WhiteElo "2296"]
[BlackElo "2104"]
[PlyCount "61"]
[EventDate "2021.??.??"]
[WhiteTeam "Deutschland"]
[BlackTeam "Frankreich"]
[WhiteTeamCountry "GER"]
[BlackTeamCountry "FRA"]

1. e4 c6 2. d4 d5 3. exd5 cxd5 4. c4 Nf6 5. Nc3 e6 6. c5 Be7 7. Nf3 O-O 8. Bf4
b6 9. b4 Ne4 10. Qc2 Nc6 11. a3 bxc5 12. Nxe4 dxe4 13. Qxe4 Nxd4 14. Bd3 Nxf3+
15. Qxf3 Bb7 16. Qxb7 Qxd3 17. Qxe7 Qd4 18. O-O Qxf4 19. Qxc5 Rfc8 20. Qb5 h6
21. Rad1 Rc7 22. Rd7 Rc1 23. g3 Rxf1+ 24. Qxf1 Qg5 25. Qa6 Rd8 26. Rxd8+ Qxd8
27. Qxa7 Qd1+ 28. Kg2 Qd5+ 29. f3 Qa2+ 30. Kh3 Qb1 31. Qa8+ 1-0

[Event "MTO"]
[Site "?"]
[Date "2021.??.??"]
[Round "2.129"]
[White "Kornitzky Tino"]
[Black "Löffler Markus"]
[Result "1-0"]
[WhiteElo "2083"]
[BlackElo "2295"]
[PlyCount "61"]
[EventDate "2021.??.??"]
[WhiteTeam "Deutschland"]
[BlackTeam "Deutschland"]
[WhiteTeamCountry "GER"]
[BlackTeamCountry "GER"]

1. d4 Nf6 2. c4 g6 3. Nc3 d5 4. cxd5 Nxd5 5. e4 Nxc3 6. bxc3 Bg7 7. Nf3 c5 8.
Be3 Qa5 9. Nd2 cxd4 10. Nc4 Qa6 11. cxd4 O-O 12. Be2 b5 13. Nd2 Nc6 14. Nb3 Rd8
15. d5 Bxa1 16. Qxa1 Nb4 17. O-O Nc2 18. Qe5 Qd6 19. Qxd6 exd6 20. Bg5 Re8 21.
Bxb5 Rxe4 22. Bd3 Rg4 23. f4 Ne3 24. Rf2 Nxd5 25. Be4 Be6 26. Rd2 f6 27. h3 Rg3
28. Bh4 Re3 29. Bxd5 Rc8 30. Bf2 Bxd5 31. Bxe3 1-0

[Event "MTO"]
[Site "?"]
[Date "2021.??.??"]
[Round "2.130"]
[White "Kamber Bruno"]
[Black "Paladini Jean-Michel"]
[Result "1-0"]
[WhiteElo "2275"]
[BlackElo "2084"]
[PlyCount "79"]
[EventDate "2021.??.??"]
[WhiteTeam "Schweiz"]
[BlackTeam "Schweiz"]
[WhiteTeamCountry "SUI"]
[BlackTeamCountry "SUI"]

1. e4 c5 2. Nf3 d6 3. d4 cxd4 4. Nxd4 Nf6 5. Nc3 a6 6. h3 b5 7. Qf3 Bb7 8. g4
e6 9. g5 Nfd7 10. h4 Nc6 11. Be3 Nxd4 12. Bxd4 b4 13. Ne2 Ne5 14. Qg2 Qc7 15.
f4 Nc4 16. Ng3 e5 17. Qe2 exd4 18. Qxc4 Rc8 19. Qxc7 Rxc7 20. O-O-O Be7 21.
Rxd4 O-O 22. Bc4 Rfc8 23. b3 Rc5 24. Rf1 g6 25. f5 Rf8 26. f6 Bd8 27. Bd5 Bc8
28. Rxb4 a5 29. Rc4 Bb6 30. Rxc5 Bxc5 31. Kd2 Bg4 32. Rf4 Bd7 33. c3 Bg1 34.
Ne2 Bh2 35. Rf2 Be5 36. Nf4 Rc8 37. Bc4 Rb8 38. Kd3 Kf8 39. h5 Bxf4 40. hxg6
1-0

[Event "MTO"]
[Site "?"]
[Date "2021.??.??"]
[Round "2.123"]
[White "Noaman Omar"]
[Black "Rakhmangulova Anastasiya"]
[Result "0-1"]
[WhiteElo "2367"]
[BlackElo "2167"]
[PlyCount "66"]
[EventDate "2021.??.??"]
[WhiteTeam "Vereinigte Arabische Emirate"]
[BlackTeam "Ukraine"]
[WhiteTeamCountry "UAE"]
[BlackTeamCountry "UKR"]

1. d4 Nf6 2. c4 g6 3. Nc3 Bg7 4. e4 d6 5. h3 O-O 6. Be3 e5 7. d5 a5 8. g4 Na6
9. Nge2 Bd7 10. Ng3 c6 11. g5 Ne8 12. Qd2 Nec7 13. O-O-O cxd5 14. exd5 Rc8 15.
Kb1 Nc5 16. Bxc5 dxc5 17. Nce4 Ne8 18. Bg2 a4 19. Qe3 b5 20. cxb5 c4 21. d6 Rb8
22. a3 Rxb5 23. Nc3 Rb3 24. Qa7 e4 25. Nge2 Bf5 26. Ka1 Qxg5 27. Rhg1 Nxd6 28.
Rxd6 Rfb8 29. Bxe4 Qxg1+ 30. Nxg1 Rxa3+ 31. Kb1 Bxe4+ 32. Kc1 Bh6+ 33. Kd1 Ra1+
0-1

[Event "MTO-2021"]
[Site "?"]
[Date "2021.??.??"]
[Round "8.101"]
[White "Murali Karthikeyan"]
[Black "Banusz Tamas"]
[Result "1/2-1/2"]
[WhiteElo "2606"]
[BlackElo "2631"]
[PlyCount "93"]
[EventDate "2021.??.??"]
[WhiteTeam "Indien"]
[BlackTeam "Ungarn"]
[WhiteTeamCountry "IND"]
[BlackTeamCountry "HUN"]

1. e4 e5 2. Nf3 Nf6 3. Nxe5 d6 4. Nf3 Nxe4 5. d4 d5 6. Bd3 Bd6 7. O-O O-O 8. c4
c6 9. Nc3 Nxc3 10. bxc3 dxc4 11. Bxc4 Bf5 12. Bd3 Bxd3 13. Qxd3 Nd7 14. Rb1 b6
15. c4 Re8 16. Bg5 Qc7 17. Rfe1 Nf8 18. g3 Qd7 19. Kg2 Rxe1 20. Rxe1 Re8 21.
Rd1 Qe6 22. Be3 Qe4 23. Qxe4 Rxe4 24. c5 bxc5 25. dxc5 Be7 26. Rd4 Rxd4 27.
Nxd4 Bxc5 28. Nxc6 Bxe3 29. fxe3 a6 30. Ne7+ Kh8 31. Kf3 Nd7 32. Ke4 g6 33. Nd5
Kg7 34. Kd4 Kh6 35. a4 Kg5 36. h3 a5 37. Kc4 h5 38. Kb5 h4 39. gxh4+ Kxh4 40.
Kxa5 Nc5 41. Kb5 Nxa4 42. Kxa4 Kxh3 43. Kb4 g5 44. Kc5 g4 45. Kd6 g3 46. Nf4+
Kg4 47. Ke5 1/2-1/2

[Event "MTO-2021"]
[Site "?"]
[Date "2021.??.??"]
[Round "8.102"]
[White "Chigaev Maksim"]
[Black "Eljanov Pavel"]
[Result "1/2-1/2"]
[WhiteElo "2630"]
[BlackElo "2671"]
[PlyCount "30"]
[EventDate "2021.??.??"]
[WhiteTeam "Russland"]
[BlackTeam "Ukraine"]
[WhiteTeamCountry "RUS"]
[BlackTeamCountry "UKR"]

1. c4 c6 2. Nf3 d5 3. e3 Nf6 4. Nc3 e6 5. b3 Bd6 6. Bb2 O-O 7. h3 Nbd7 8. Qc2
e5 9. cxd5 Nxd5 10. Be2 Qe7 11. Ne4 Ba3 12. Bxa3 Qxa3 13. O-O Qe7 14. Ng3 N7f6
15. Rac1 Re8 1/2-1/2

[Event "MTO-2021"]
[Site "?"]
[Date "2021.??.??"]
[Round "8.105"]
[White "Erdos Viktor"]
[Black "Kantor Gergely"]
[Result "1/2-1/2"]
[WhiteElo "2614"]
[BlackElo "2527"]
[PlyCount "171"]
[EventDate "2021.??.??"]
[WhiteTeam "Ungarn"]
[BlackTeam "Ungarn"]
[WhiteTeamCountry "HUN"]
[BlackTeamCountry "HUN"]

1. d4 Nf6 2. c4 e6 3. Nc3 Bb4 4. e3 O-O 5. Bd2 d5 6. Nf3 b6 7. cxd5 exd5 8. Rc1
Be7 9. Bd3 c5 10. O-O Bg4 11. h3 Bh5 12. g4 Bg6 13. Bxg6 hxg6 14. Ne5 Nfd7 15.
Nd3 Nf6 16. Qf3 Na6 17. Rfd1 Nb4 18. Ne5 Rc8 19. Be1 Qe8 20. a3 cxd4 21. exd4
Nc6 22. Nxd5 Nxe5 23. dxe5 Nxd5 24. Qxd5 Bc5 25. b4 Be7 26. e6 Rxc1 27. Rxc1
Bf6 28. exf7+ Qxf7 29. Qxf7+ Rxf7 30. Kg2 Bb2 31. Rc8+ Kh7 32. a4 Rf4 33. a5
Re4 34. Bd2 Rd4 35. Rc2 Ba3 36. Be3 Rxb4 37. Ra2 Bb2 38. Bxb6 a6 39. Be3 Rb5
40. Bd2 Bf6 41. Kf3 Bd8 42. Ke4 Kg8 43. f4 Kf7 44. Ra4 Ke6 45. g5 Bc7 46. h4
Rc5 47. Be1 Bd8 48. Bd2 Bc7 49. Be1 Bd8 50. Bf2 Rxa5 51. Rc4 Ra1 52. Rc6+ Kf7
53. Bd4 Re1+ 54. Kd5 Rf1 55. Be5 Rd1+ 56. Ke4 a5 57. Ra6 Rd7 58. f5 gxf5+ 59.
Kxf5 Be7 60. h5 Bf8 61. g6+ Kg8 62. Rxa5 Rd8 63. Ra7 Re8 64. Rb7 Be7 65. Bb2
Kf8 66. Rb5 Kg8 67. Be5 Rf8+ 68. Ke6 Bf6 69. Bd6 Re8+ 70. Kd7 Rd8+ 71. Kc7 Re8
72. Rb7 Ra8 73. Kc6 Rc8+ 74. Bc7 Bd8 75. Kd7 Rxc7+ 76. Rxc7 Bxc7 77. Kxc7 Kh8
78. Kd7 Kg8 79. Ke7 Kh8 80. Ke6 Kg8 81. Kf5 Kh8 82. Kf4 Kg8 83. Kg5 Kh8 84. h6
Kg8 85. h7+ Kh8 86. Kh5 1/2-1/2

[Event "MTO-2021"]
[Site "?"]
[Date "2021.??.??"]
[Round "8.106"]
[White "Tang Andrew"]
[Black "Sethuraman S.P."]
[Result "0-1"]
[WhiteElo "2525"]
[BlackElo "2644"]
[PlyCount "46"]
[EventDate "2021.??.??"]
[WhiteTeam "Vereinigte Staaten"]
[BlackTeam "Indien"]
[WhiteTeamCountry "USA"]
[BlackTeamCountry "IND"]

1. d4 d6 2. e4 Nf6 3. Nc3 g6 4. f4 Bg7 5. Nf3 O-O 6. e5 Ng4 7. h3 Nh6 8. g4
dxe5 9. fxe5 f6 10. Bc4+ Nf7 11. Qe2 Nc6 12. e6 Nd6 13. d5 Nxc4 14. Qxc4 Na5
15. Qd3 f5 16. Bg5 fxg4 17. hxg4 Bxe6 18. Bh6 Bxg4 19. Bxg7 Rxf3 20. Qe4 Qd7
21. Bd4 Rf5 22. Kd2 Nc4+ 23. Kc1 Bf3 0-1

[Event "MTO-2021"]
[Site "?"]
[Date "2021.??.??"]
[Round "8.107"]
[White "Fedorchuk Sergey"]
[Black "Kalyan Arjun"]
[Result "1/2-1/2"]
[WhiteElo "2598"]
[BlackElo "2503"]
[PlyCount "83"]
[EventDate "2021.??.??"]
[WhiteTeam "Ukraine"]
[BlackTeam "Indien"]
[WhiteTeamCountry "UKR"]
[BlackTeamCountry "IND"]

1. e4 e5 2. Nf3 Nc6 3. Bb5 a6 4. Ba4 Nf6 5. O-O b5 6. Bb3 Bc5 7. a4 Rb8 8. c3
d6 9. d4 Bb6 10. Qd3 O-O 11. Bg5 h6 12. Bxf6 Qxf6 13. axb5 axb5 14. Qxb5 Na7
15. Qa4 Rd8 16. Qc4 exd4 17. cxd4 Be6 18. d5 Bd7 19. Qc3 Qxc3 20. bxc3 Nb5 21.
Re1 Ra8 22. Rxa8 Rxa8 23. Kf1 Ra1 24. c4 Nd4 25. Nxd4 Bxd4 26. Nd2 Ra3 27. Ke2
f5 28. f3 fxe4 29. fxe4 Kf7 30. h3 Ke7 31. Rb1 g5 32. Kd3 Bf6 33. Kc2 Be8 34.
Re1 Bg6 35. Kd3 h5 36. Rc1 Be5 37. Rb1 Be8 38. Nf3 Bf6 39. Kc2 g4 40. hxg4 hxg4
41. Nd2 c5 42. dxc6 1/2-1/2

[Event "MTO-2021"]
[Site "?"]
[Date "2021.??.??"]
[Round "8.108"]
[White "Wagner Dennis"]
[Black "Raja Harshit"]
[Result "1/2-1/2"]
[WhiteElo "2572"]
[BlackElo "2484"]
[PlyCount "48"]
[EventDate "2021.??.??"]
[WhiteTeam "Deutschland"]
[BlackTeam "Indien"]
[WhiteTeamCountry "GER"]
[BlackTeamCountry "IND"]

1. d4 Nf6 2. c4 e6 3. Nf3 d5 4. g3 Be7 5. Bg2 O-O 6. O-O dxc4 7. Qc2 a6 8. a4
Bd7 9. Qxc4 Bc6 10. Bg5 Nbd7 11. Nc3 h6 12. Bxf6 Nxf6 13. Rfd1 Bd5 14. Qd3 Bxf3
15. Bxf3 c6 16. e3 Qa5 17. Nb1 Bb4 18. Na3 Bxa3 19. Qxa3 Nd5 20. Rac1 Qb6 21.
e4 Nf6 22. a5 Qa7 23. h4 Rad8 24. Qc3 Rd7 1/2-1/2

[Event "MTO-2021"]
[Site "?"]
[Date "2021.??.??"]
[Round "8.110"]
[White "Sadhwani Raunak"]
[Black "NR Vignesh"]
[Result "1-0"]
[WhiteElo "2555"]
[BlackElo "2428"]
[PlyCount "61"]
[EventDate "2021.??.??"]
[WhiteTeam "Indien"]
[BlackTeam "Indien"]
[WhiteTeamCountry "IND"]
[BlackTeamCountry "IND"]

1. e4 c5 2. Nf3 d6 3. d4 cxd4 4. Nxd4 Nf6 5. Nc3 a6 6. h3 e6 7. g4 Be7 8. g5
Nfd7 9. h4 b5 10. a3 Bb7 11. Be3 O-O 12. f4 Nc5 13. Bg2 Nc6 14. Rh3 Qc7 15. Qe2
Nxd4 16. Bxd4 Bc6 17. f5 Rfb8 18. f6 Bf8 19. h5 b4 20. Nd1 e5 21. Bxc5 Bb5 22.
Qf2 Qxc5 23. axb4 Qxb4+ 24. c3 Qc5 25. Ne3 Bd7 26. Rg3 d5 27. g6 fxg6 28. hxg6
d4 29. fxg7 Bxg7 30. Qf7+ Kh8 31. Qxd7 1-0

[Event "MTO-2021"]
[Site "?"]
[Date "2021.??.??"]
[Round "8.111"]
[White "Donchenko Alexander"]
[Black "NR Visakh"]
[Result "1/2-1/2"]
[WhiteElo "2652"]
[BlackElo "2516"]
[PlyCount "116"]
[EventDate "2021.??.??"]
[WhiteTeam "Deutschland"]
[BlackTeam "Indien"]
[WhiteTeamCountry "GER"]
[BlackTeamCountry "IND"]

1. Nf3 d5 2. d4 Nf6 3. c4 e6 4. g3 dxc4 5. Bg2 c6 6. Ne5 Bb4+ 7. Nc3 Nd5 8. Bd2
Nb6 9. Ne4 a5 10. e3 O-O 11. a3 Be7 12. Qc2 N8d7 13. Rd1 c5 14. O-O Nxe5 15.
dxe5 Bd7 16. Qb1 Ba4 17. Bxa5 Bxd1 18. Rxd1 Qc7 19. Bxb6 Qxb6 20. Rd7 Rfe8 21.
Rxb7 Qd8 22. Qc1 Rb8 23. Rxb8 Qxb8 24. Nd2 Qxe5 25. Nxc4 Qb8 26. a4 Qb4 27. a5
Qa4 28. b3 Qxb3 29. a6 Rd8 30. Bf3 Qa4 31. Qa3 Qxc4 32. a7 Qb5 33. a8=Q Rxa8
34. Qxa8+ Bf8 35. Qc6 Qb8 36. Be2 Qe5 37. Qa4 g6 38. Bd3 Kg7 39. Qe4 Qxe4 40.
Bxe4 c4 41. Kf1 f5 42. Bc6 g5 43. Ke2 Kf7 44. Bb5 c3 45. Kd3 Bg7 46. h3 h5 47.
Bd7 Ke7 48. Bc8 Kd6 49. Kc2 Bf6 50. Kd3 g4 51. hxg4 fxg4 52. Kc2 Ke7 53. Kd3
Kf7 54. Bd7 h4 55. gxh4 Bxh4 56. Kxc3 Bxf2 57. Kd3 g3 58. Ke2 e5 1/2-1/2

[Event "MTO-2021"]
[Site "?"]
[Date "2021.??.??"]
[Round "8.112"]
[White "Bänziger Fabian"]
[Black "Narayanan S.L."]
[Result "0-1"]
[WhiteElo "2392"]
[BlackElo "2624"]
[PlyCount "70"]
[EventDate "2021.??.??"]
[WhiteTeam "Schweiz"]
[BlackTeam "Indien"]
[WhiteTeamCountry "SUI"]
[BlackTeamCountry "IND"]

1. d4 Nf6 2. c4 e6 3. Nc3 Bb4 4. e3 O-O 5. Bd3 Re8 6. Nge2 d5 7. O-O Bf8 8. Nf4
b6 9. cxd5 exd5 10. Qb3 Bb7 11. Bd2 Na6 12. Rfe1 c6 13. a3 Nc7 14. Rad1 Rb8 15.
Qc2 c5 16. dxc5 bxc5 17. Na4 c4 18. Ba5 Bd6 19. Bf1 Qd7 20. g3 Bc6 21. Nc3 Bxf4
22. exf4 Rxe1 23. Rxe1 d4 24. Bxc7 Qxc7 25. Nb1 Ba8 26. Bg2 Bxg2 27. Kxg2 d3
28. Qc3 Qb7+ 29. Kg1 Qxb2 30. Qxc4 d2 31. Nxd2 Qxd2 32. Re7 Rf8 33. Rxa7 h5 34.
f5 Ng4 35. Qc5 Re8 0-1

[Event "MTO-2021"]
[Site "?"]
[Date "2021.??.??"]
[Round "8.113"]
[White "Puranik Abhimanyu"]
[Black "Valsecchi Alessio"]
[Result "1/2-1/2"]
[WhiteElo "2589"]
[BlackElo "2527"]
[PlyCount "94"]
[EventDate "2021.??.??"]
[WhiteTeam "Indien"]
[BlackTeam "Italien"]
[WhiteTeamCountry "IND"]
[BlackTeamCountry "ITA"]

1. e4 c5 2. Nc3 d6 3. Nf3 a6 4. d4 cxd4 5. Nxd4 Nf6 6. g3 Bd7 7. Bg2 Nc6 8. O-O
e6 9. Nxc6 Bxc6 10. Re1 Be7 11. e5 dxe5 12. Bxc6+ bxc6 13. Qf3 O-O 14. Rxe5 Qb8
15. Re2 Nd5 16. Na4 Bf6 17. c4 Qb4 18. cxd5 Qxa4 19. dxe6 Qd1+ 20. Kg2 fxe6 21.
Qe4 Qd5 22. Rb1 Rad8 23. Qxd5 exd5 24. b3 Rde8 25. Rxe8 Rxe8 26. Bb2 Kf7 27.
Bxf6 Kxf6 28. Rc1 Re6 29. f4 Ke7 30. f5 Rf6 31. g4 g6 32. h4 gxf5 33. g5 Re6
34. Kf3 Kf7 35. Kf4 d4 36. Kxf5 d3 37. Rd1 Rd6 38. Rd2 Rd5+ 39. Ke4 Kg6 40.
Rxd3 Rxd3 41. Kxd3 Kh5 42. Ke4 Kxh4 43. Kf4 c5 44. a3 a5 45. a4 Kh5 46. Kf5 Kh4
47. Kf4 Kh5 1/2-1/2

[Event "MTO-2021"]
[Site "?"]
[Date "2021.??.??"]
[Round "8.114"]
[White "Korpa Bence"]
[Black "Budisavljevic Luka"]
[Result "0-1"]
[WhiteElo "2536"]
[BlackElo "2509"]
[PlyCount "98"]
[EventDate "2021.??.??"]
[WhiteTeam "Ungarn"]
[BlackTeam "Serbien"]
[WhiteTeamCountry "HUN"]
[BlackTeamCountry "SRB"]

1. d4 d5 2. Nf3 Nf6 3. g3 c5 4. Bg2 cxd4 5. O-O e6 6. Nxd4 e5 7. Nf3 Nc6 8. c4
d4 9. e3 Be7 10. exd4 exd4 11. Re1 O-O 12. Nbd2 Qb6 13. Qb3 Qc7 14. Ne4 Nxe4
15. Rxe4 Bf5 16. Bf4 Qb6 17. Ree1 Bb4 18. Bd2 a5 19. Ne5 a4 20. Qd1 Bxd2 21.
Qxd2 Be6 22. Bd5 Rfe8 23. Nxc6 bxc6 24. Bxe6 Rxe6 25. Rxe6 fxe6 26. Re1 c5 27.
Re2 Qc6 28. Qd3 Rb8 29. f4 Rb4 30. h4 Qb7 31. Qc2 Qf3 32. Rg2 d3 33. Qc3 Qe4
34. b3 Rb8 35. Qe5 Qxe5 36. fxe5 axb3 37. axb3 Rxb3 38. Rd2 Rc3 39. Kf2 Rxc4
40. Rxd3 Re4 41. Rd7 Rxe5 42. g4 h5 43. gxh5 Rxh5 44. Kg3 Re5 45. Kf4 Rf5+ 46.
Kg4 Rf7 47. Rd8+ Rf8 48. Rd7 Rc8 49. Kg5 Kh7 0-1

[Event "MTO-2021"]
[Site "?"]
[Date "2021.??.??"]
[Round "8.115"]
[White "Yuffa Daniil"]
[Black "Papadiamandis Elliot"]
[Result "1-0"]
[WhiteElo "2578"]
[BlackElo "2363"]
[PlyCount "67"]
[EventDate "2021.??.??"]
[WhiteTeam "Russland"]
[BlackTeam "Frankreich"]
[WhiteTeamCountry "RUS"]
[BlackTeamCountry "FRA"]

1. d4 Nf6 2. Bg5 c5 3. Bxf6 gxf6 4. d5 Qb6 5. Qc1 d6 6. g3 h5 7. h4 Nd7 8. Bh3
Bh6 9. e3 Ne5 10. Bxc8 Rxc8 11. Nc3 Rg8 12. a4 Qa5 13. Qd1 Qb4 14. Ra3 Rg4 15.
Rb3 Qa5 16. Nf3 Rxa4 17. O-O Rg4 18. Nxe5 fxe5 19. Qf3 Qc7 20. Qf5 Qd7 21. Qxh5
Rg6 22. Kh2 Bg7 23. e4 Rb8 24. Ra1 Rf6 25. Nd1 c4 26. Rf3 Rxf3 27. Qxf3 b5 28.
Ne3 Bf8 29. h5 Qc7 30. Kg2 e6 31. Rh1 Bg7 32. Qg4 f5 33. exf5 exd5 34. h6 1-0

[Event "MTO-2021"]
[Site "?"]
[Date "2021.??.??"]
[Round "8.116"]
[White "Dragnev Valentin"]
[Black "Tahay Alexis"]
[Result "1-0"]
[WhiteElo "2569"]
[BlackElo "2349"]
[PlyCount "125"]
[EventDate "2021.??.??"]
[WhiteTeam "Österreich"]
[BlackTeam "Frankreich"]
[WhiteTeamCountry "AUT"]
[BlackTeamCountry "FRA"]

1. d4 Nf6 2. c4 e6 3. Nf3 Bb4+ 4. Bd2 a5 5. a3 Bxd2+ 6. Qxd2 b6 7. Nc3 Bb7 8.
e3 O-O 9. Bd3 d5 10. cxd5 Nxd5 11. Nxd5 Bxd5 12. Rc1 c5 13. e4 Bb7 14. dxc5
bxc5 15. Rxc5 Nd7 16. Rc3 Rc8 17. Rxc8 Qxc8 18. O-O Nc5 19. Rc1 Rd8 20. Qxa5
Rxd3 21. Ne1 Qd8 22. Qxc5 Rd2 23. Qb4 Qd7 24. h3 h6 25. Nf3 Re2 26. Ne5 Qd2 27.
Qxd2 Rxd2 28. Nc4 Re2 29. f3 Ba6 30. b3 Ra2 31. a4 f5 32. exf5 exf5 33. Ne3 f4
34. Nd5 Rb2 35. Nxf4 Rxb3 36. Rc7 g5 37. Ne6 Rb1+ 38. Kh2 Bf1 39. Nd4 Ra1 40.
Nf5 Ra2 41. Ne3 Be2 42. Rc6 Bxf3 43. Rxh6 Be4 44. Rh5 Kf7 45. Rxg5 Kf6 46. Rg4
Bc6 47. Rc4 Ba8 48. Rf4+ Ke6 49. Rg4 Bf3 50. Rg6+ Ke5 51. a5 Be4 52. Rg4 Kd4
53. Nc4 Kd3 54. Ne5+ Ke3 55. Nc4+ Kd3 56. Nd6 Bc6 57. Rg5 Ke3 58. Nc4+ Ke2 59.
h4 Kf1 60. h5 Re2 61. Rf5+ Ke1 62. Re5 Be4 63. Nd6 1-0

[Event "MTO-2021"]
[Site "?"]
[Date "2021.??.??"]
[Round "8.117"]
[White "Shchekachev Andrei"]
[Black "Dordzhieva Dinara"]
[Result "1/2-1/2"]
[WhiteElo "2515"]
[BlackElo "2311"]
[PlyCount "68"]
[EventDate "2021.??.??"]
[WhiteTeam "Frankreich"]
[BlackTeam "Russland"]
[WhiteTeamCountry "FRA"]
[BlackTeamCountry "RUS"]

1. Nf3 d5 2. e3 Nf6 3. c4 e6 4. Nc3 a6 5. b3 c5 6. Bb2 Nc6 7. cxd5 exd5 8. d4
Bg4 9. Be2 Bxf3 10. Bxf3 cxd4 11. exd4 Bb4 12. O-O Bxc3 13. Bxc3 O-O 14. Qd3
Qd6 15. a3 Rfe8 16. Rfe1 Rxe1+ 17. Bxe1 Re8 18. Bd2 Ne4 19. Be3 Na5 20. g3 Qb6
21. Bd1 Qd6 22. Kg2 g6 23. f3 Nf6 24. Bf2 Nh5 25. Qc3 Nc6 26. Qc5 Qd7 27. b4
Rc8 28. Qb6 Ne7 29. Ra2 Nf5 30. Rc2 Nh4+ 31. gxh4 Nf4+ 32. Kg3 Nh5+ 33. Kg2
Nf4+ 34. Kg3 Nh5+ 1/2-1/2

[Event "MTO-2021"]
[Site "?"]
[Date "2021.??.??"]
[Round "8.118"]
[White "Doluhanova Evgeniya"]
[Black "Gschnitzer Adrian"]
[Result "0-1"]
[WhiteElo "2179"]
[BlackElo "2420"]
[PlyCount "78"]
[EventDate "2021.??.??"]
[WhiteTeam "Ukraine"]
[BlackTeam "Deutschland"]
[WhiteTeamCountry "UKR"]
[BlackTeamCountry "GER"]

1. Nf3 c5 2. c4 Nf6 3. Nc3 Nc6 4. d4 cxd4 5. Nxd4 e6 6. e4 Bc5 7. Nb3 Bb4 8.
Qd3 O-O 9. Bd2 b6 10. Be2 Bb7 11. Qg3 a5 12. a3 a4 13. axb4 axb3 14. O-O Nxb4
15. Rxa8 Qxa8 16. e5 Ne8 17. Ne4 Nc2 18. Nf6+ Nxf6 19. exf6 g6 20. Bc3 d5 21.
Be5 Qa4 22. h4 Kh8 23. Bd3 dxc4 24. Bxg6 Rg8 25. h5 c3 26. Bxc3 Nd4 27. Qg4 e5
28. Re1 Bxg2 29. Bxd4 Bf3 30. Qxf3 Qxd4 31. Re4 Qxb2 32. Kh2 Qc1 33. Rh4 b2 34.
Qd3 Qg5 35. Rh3 fxg6 36. f7 Qf4+ 37. Rg3 Qxf2+ 38. Rg2 Qh4+ 39. Kg1 Qd4+ 0-1

[Event "MTO-2021"]
[Site "?"]
[Date "2021.??.??"]
[Round "8.119"]
[White "Unuk Laura"]
[Black "Vasquez Toledo Cristian"]
[Result "1-0"]
[WhiteElo "2407"]
[BlackElo "2064"]
[PlyCount "43"]
[EventDate "2021.??.??"]
[WhiteTeam "Slowenien"]
[BlackTeam "Chile"]
[WhiteTeamCountry "SLO"]
[BlackTeamCountry "CHI"]

1. c4 Nf6 2. Nc3 g6 3. e4 d6 4. d4 Bg7 5. f3 O-O 6. Bg5 Nc6 7. d5 Nb8 8. Qd2
Re8 9. h4 c6 10. Bh6 Bh8 11. h5 b5 12. g4 b4 13. Nce2 Qa5 14. hxg6 hxg6 15. Nf4
e6 16. Qh2 b3+ 17. Kd1 Nxg4 18. fxg4 Qxa2 19. Rc1 Bxb2 20. Bg5 exd5 21. Qh7+
Kf8 22. Nxg6+ 1-0

[Event "MTO-2021"]
[Site "?"]
[Date "2021.??.??"]
[Round "8.120"]
[White "Blagojevic Tijana"]
[Black "Haimovich Tal"]
[Result "0-1"]
[WhiteElo "2222"]
[BlackElo "2388"]
[PlyCount "116"]
[EventDate "2021.??.??"]
[WhiteTeam "Serbien"]
[BlackTeam "Israel"]
[WhiteTeamCountry "SRB"]
[BlackTeamCountry "ISR"]

1. e4 c5 2. Nf3 e6 3. c4 Nc6 4. d4 cxd4 5. Nxd4 Bc5 6. Nb3 Be7 7. Nc3 Nf6 8.
Be2 O-O 9. O-O d6 10. Be3 a6 11. Rc1 b6 12. f3 Nd7 13. Qe1 Nc5 14. Nd4 Bd7 15.
Nc2 Ne5 16. Qd2 Qc7 17. Rfd1 Rfd8 18. Qe1 Rab8 19. Qf2 Na4 20. Nxa4 Bxa4 21. b3
Be8 22. Nd4 Qb7 23. Kh1 Bf6 24. Rc2 Nd7 25. Rcd2 Nc5 26. Bf1 Qc7 27. Ne2 Rbc8
28. Bf4 Be5 29. Bg5 Rd7 30. Qe3 g6 31. Nd4 Bg7 32. b4 Nb7 33. Bh4 Nd8 34. Bf2
Rb8 35. Qa3 Qb7 36. Nb3 Be5 37. c5 dxc5 38. bxc5 Rxd2 39. Rxd2 b5 40. Bg3 Bxg3
41. hxg3 Nc6 42. Rd6 Qa7 43. f4 a5 44. e5 Qc7 45. Nd2 Kg7 46. g4 Ne7 47. Ne4
Bc6 48. Nf6 b4 49. Qh3 h6 50. Qd3 a4 51. Rd4 b3 52. axb3 axb3 53. Qb1 Qa5 54.
Qb2 Qe1 55. Kg1 Bb5 56. Qxb3 Qxf1+ 57. Kh2 Bc6 58. Qg3 Rb1 0-1

[Event "MTO-2021"]
[Site "?"]
[Date "2021.??.??"]
[Round "8.121"]
[White "J Sai Agni Jeevitesh"]
[Black "Seul Georg"]
[Result "0-1"]
[WhiteElo "2322"]
[BlackElo "2372"]
[PlyCount "122"]
[EventDate "2021.??.??"]
[WhiteTeam "Indien"]
[BlackTeam "Deutschland"]
[WhiteTeamCountry "IND"]
[BlackTeamCountry "GER"]

1. d4 Nf6 2. c4 e6 3. g3 Bb4+ 4. Nd2 d5 5. Bg2 O-O 6. Ngf3 b6 7. O-O Bb7 8. a3
Be7 9. cxd5 exd5 10. b4 a5 11. b5 c6 12. Qa4 cxb5 13. Qxb5 Ba6 14. Qb2 Bxe2 15.
Re1 Bd3 16. Ne5 Bf5 17. Ndc4 Ra6 18. Ne3 Be4 19. f3 Bg6 20. Nxg6 hxg6 21. f4
Qd6 22. Qb5 Rd8 23. Bb2 Ra7 24. Rac1 Bf8 25. Re2 a4 26. Rec2 Ra5 27. Qd3 Ra7
28. f5 g5 29. Rb1 Nc6 30. Qb5 Na5 31. Qxa4 Qe7 32. Nf1 Nc4 33. Qb3 Qd7 34. Ra1
Qxf5 35. Rf2 Qe6 36. Nd2 Nxd2 37. Rxd2 Rc7 38. Rf1 g6 39. Qd3 Re8 40. Rdf2 Bg7
41. Bc1 Ne4 42. Re2 g4 43. Bb2 f5 44. Rc2 Rxc2 45. Qxc2 Rc8 46. Qb3 Kh7 47. Rd1
Qc6 48. Bxe4 fxe4 49. Rc1 Qe6 50. Rxc8 Qxc8 51. Qxd5 Qc2 52. Qg5 Qd1+ 53. Kg2
Qe2+ 54. Kg1 Qxb2 55. Qh4+ Kg8 56. Qd8+ Bf8 57. Qd5+ Kh8 58. Qxe4 Bg7 59. Qxg4
Qxd4+ 60. Qxd4 Bxd4+ 61. Kg2 b5 0-1

[Event "MTO-2021"]
[Site "?"]
[Date "2021.??.??"]
[Round "8.123"]
[White "Rakhmangulova Anastasiya"]
[Black "Chithambaram Aravindh"]
[Result "0-1"]
[WhiteElo "2167"]
[BlackElo "2641"]
[PlyCount "98"]
[EventDate "2021.??.??"]
[WhiteTeam "Ukraine"]
[BlackTeam "Indien"]
[WhiteTeamCountry "UKR"]
[BlackTeamCountry "IND"]

1. e4 e5 2. Nf3 Nc6 3. Nc3 Nf6 4. g3 Bc5 5. Bg2 d6 6. d3 a6 7. O-O h6 8. Be3
O-O 9. h3 Bxe3 10. fxe3 Nh7 11. Nh4 g6 12. Nd5 Kg7 13. Rf2 Ne7 14. Nxe7 Qxe7
15. Qe2 Ng5 16. Kh2 h5 17. Raf1 f6 18. Nf3 Nf7 19. Nh4 Nh6 20. Rg1 Be6 21. d4
c5 22. d5 Bd7 23. Bf1 Rh8 24. Kh1 Raf8 25. Qd1 Qd8 26. c4 Qc8 27. Rh2 Nf7 28.
Nf3 Ng5 29. Nxg5 fxg5 30. h4 Qd8 31. Be2 g4 32. Rf1 g5 33. Qe1 gxh4 34. gxh4
Rxf1+ 35. Bxf1 Rf8 36. Be2 Be8 37. Kg1 Bg6 38. Rf2 Rxf2 39. Qxf2 Qa5 40. a3 Qd2
41. Bf1 Qc1 42. Kh2 Bxe4 43. Kg3 b6 44. Qe2 b5 45. cxb5 axb5 46. Qf2 c4 47. Bg2
Qb1 48. Kh2 Bxg2 49. Qxg2 Qe1 0-1